| 000 | 01805cam a2200289 4500500 | ||
|---|---|---|---|
| 005 | 20251228050053.0 | ||
| 041 | _afre | ||
| 042 | _adc | ||
| 100 | 1 | 0 |
_aTosel, André _eauthor |
| 245 | 0 | 0 | _aAntonio Labriola et la proposition de la philosophie de la praxis |
| 260 | _c2005. | ||
| 500 | _a55 | ||
| 520 | _aAntonio Labriola a affronté la question de la philosophie de Marx sans la réduire à un déterminisme historique, sans en faire une téléologie. Moment théorique dans la production du terrain artificiel, liée aux sciences mais distinctes d’elles, la philosophie relève de la praxis, unité de l’action et de la production, et est elle-même praxis, travail de rectification des concepts, gnoséologie critico-historique qui assume son lien aux mouvements du réel. | ||
| 520 | _aAntonio Labriola faced the matter of Marx’s philosophy without reducing it to a historical determinism, without making a teleology of it. Theoretical moment in the production of the artificial ground, related to sciences but distinct from them, philosophy is a product of praxis — unit of action and production — and is itself praxis, work of correction of the concepts, critical-historical gnoseology which takes up its connection with the movements of reality. | ||
| 690 | _aAction poli- tique | ||
| 690 | _aCausalité historique | ||
| 690 | _aGnoséologie | ||
| 690 | _aPratique | ||
| 690 | _aPrévision morphologique | ||
| 690 | _aGnoseology | ||
| 690 | _aHistorical causality | ||
| 690 | _aMorphological prediction | ||
| 690 | _aPolitical action | ||
| 690 | _aPractice | ||
| 786 | 0 | _nArchives de philosophie | 68 | 4 | 2005-12-01 | p. 611-628 | 0003-9632 | |
| 856 | 4 | 1 | _uhttps://shs.cairn.info/revue-archives-de-philosophie-2005-4-page-611?lang=fr&redirect-ssocas=7080 |
| 999 |
_c1579750 _d1579750 |
||